| 000 | 00527nam a2200181Ia 4500 | ||
|---|---|---|---|
| 999 |
_c28978 _d28978 |
||
| 003 | OSt | ||
| 005 | 20201208102235.0 | ||
| 008 | 190216s9999||||xx |||||||||||||| ||und|| | ||
| 020 | _a9788182643147 | ||
| 040 | _coclc | ||
| 082 |
_a894.8124 _bUNN/O |
||
| 100 |
_aUnni, Urmila _97245 |
||
| 245 | 0 |
_aOru Chimizhu Manass / _cUrmila Unni |
|
| 260 |
_bMathrubhumi Printing And Publishing, _aKozhikode: _c2006. |
||
| 300 | _a64p | ||
| 650 | _aOormakurip | ||
| 942 |
_cBK _2ddc _h894.8124 _iUNN/O _k894.8124 _mUNN/O |
||